Statistiche per Radio più ascoltate

Clicka qui per fare il quiz!

Statistiche generali

  • Questo quiz è stato fatto 200 volte
  • Il punteggio medio è 5 su 10

Statistiche sulle risposte

#Radio% Corretto
1RTL 102,5
86%
4RADIO DEEJAY
68%
2RDS
63%
3RADIO 105
62%
5RADIO ITALIA
58%
6RAI RADIO 1
53%
10RADIO KISS KISS
47%
7RAI RADIO 2
46%
8VIRGIN RADIO
45%
9RADIO 24
18%

Distribuzione punteggi

Percentile per numero di risposta

Percentuale di utenti per punteggio

I tuoi punteggi nel tempo

Non hai fatto questo quiz